Best WR For Every NFL Team - Statistics

General Stats
  • This quiz has been taken 30 times
  • The average score is 16 of 31
Answer Stats
Team Reciever % Correct
Cardinals Hopkins
90%
Dolphins Hill
81%
Eagles Brown
76%
Bills Diggs
76%
Vikings Jefferson
76%
Lions St Brown
76%
Raiders Adams
71%
Bengals Chase
71%
Rams Kupp
71%
Cowboys Lamb
71%
49ers Samuel
67%
Browns Cooper
62%
Steelers Johnson
62%
Commanders McLaurin
62%
Seahawks Metcalf
62%
Panthers Moore
62%
Saints Thomas
62%
Bucs Godwin
57%
Broncos Jeudy
57%
Chargers Williams
57%
Texans Cooks
43%
Ravens Bateman
38%
Jaguars Kirk
38%
Bears Mooney
33%
Chiefs Smith-Schuster
33%
Giants Golladay
29%
Patriots Parker
24%
Packers Watkins
19%
Jets Wilson (Rookie)
10%
Titans Burks (Rookie)
5%
Falcons London (Rookie)
5%
No matching quizzes found
Score Distribution
Percent of People with Each Score
Percentile by Number Answered
Your Score History
You have not taken this quiz